000
00310nam a22001217a 4500
008
230621b xxu||||| |||| 00| 0 eng d
082
_a
328.06
_b
IPU
100
_c
IPU
245
_a
Activities of the IPU in 2003
_b
Annual Report of the Secretary General
260
_b
IPU
_c
2003
300
_a
35p
942
_2
ddc
_c
BK
999
_c
2045
_d
2045